000
00331nam a2200133Ia 4500
008
240624s9999 xx 000 0 und d
041
_a
eng
082
_a
658.404 KOH
100
_a
KOHLI
245
_a
PROJECT MANAGEMENT HANDBOOK
260
_c
2007
_a
New Delhi
_b
Tata McGraw-Hill
300
_a
518 : p. : cm. ; 22
365
_c
RS
_b
33
999
_c
25772
_d
25772